00466nam a2200181Ia 450000500170000000800410001704000190005804100120007708200180008910000230010724500470013026000370017730000120021450400240022665000140025065100100026485000100027420240301110901.0131103s9999 xx 000 0 und d aLoreto College aEnglish a370.954 bVIV aSwami Jitatmananda aSwami Vivekananda, cSwami Jitatmananda aMadrasbSri Ramkrishna Mathc[?] a190 p.  aIncludes references aEducation aIndia aLCLIB